LEADER 01658nam 2200409 n 450 001 996394600503316 005 20200824120631.0 035 $a(CKB)3810000000009106 035 $a(EEBO)2240881084 035 $a(UnM)99827639e 035 $a(UnM)99827639 035 $a(EXLCZ)993810000000009106 100 $a19950306d1662 uy | 101 0 $aeng 135 $aurbn||||a|bb| 200 14$aThe dying mans last sermon. Or, The Fathers last blessing$b[electronic resource] $eLeft, and bequeathed as a legacy unto his children, immediately before his death. Being comfortable meditations and prepartations for the day of death; which for the worth of them are more worthy to be written in letters of gold, then with ink and paper 205 $aThe seventh edition, with additions. 210 $aLondon $cprinted for Elizabeth Andrews, at the White Lion near Pye-Corner$d1661 215 $a[24] p. $cport 300 $aOther editions by Andrew Jones. Attributed (erroneously?) to John Hart by Wing. 300 $aSignatures: A B⁴. 300 $aReproduction of the original in the British Library. 330 $aeebo-0018 606 $aRepentance$vEarly works to 1800 606 $aDeath$xReligious aspects$xChristianity$vEarly works to 1800 615 0$aRepentance 615 0$aDeath$xReligious aspects$xChristianity 700 $a[Jones$b Andrew]$0569681 702 $aHart$b John$cD.D., 801 0$bCu-RivES 801 1$bCu-RivES 801 2$bCStRLIN 801 2$bWaOLN 906 $aBOOK 912 $a996394600503316 996 $aThe dying man's last sermon. Or The Fathers last blessing$92314684 997 $aUNISA LEADER 01653oam 2200469 450 001 9910717012203321 005 20220218134001.0 035 $a(CKB)5470000002528088 035 $a(OCoLC)1291211331 035 $a(OCoLC)995470000002528088 035 $a(EXLCZ)995470000002528088 100 $a20220106j199201 ua 0 101 0 $aeng 135 $aur||||||||||| 181 $ctxt$2rdacontent 182 $cc$2rdamedia 183 $acr$2rdacarrier 200 10$aDelamination behavior of quasi-isotropic graphite epoxy laminates subjected to tension and torsion loads /$fJ.A. Hinkley and T. K. O'Brien 210 1$aHampton, Virginia :$cNational Aeronautics and Space Administration, Langley Research Center,$dJanuary 1992. 215 $a1 online resource (approximately 18 pages) $cillustrations 225 1 $aNASA/TM ;$v104181 300 $a"AVSCOM-TR-91-B-018." 300 $a"January 1992." 300 $a"Paper presented at the American Helicopter Society Specialists' Meeting Williamsburg, Virginia, October 29, 1991." 320 $aIncludes bibliographical references (page 8). 606 $aLaminates$2nasat 606 $aTorsion$2nasat 615 7$aLaminates. 615 7$aTorsion. 700 $aHinkley$b Jeffrey A.$01387337 702 $aO'Brien$b T. Kevin 712 02$aLangley Research Center, 801 0$bGPO 801 1$bGPO 801 2$bGPO 801 2$bOCLCO 801 2$bOCLCF 801 2$bGPO 906 $aBOOK 912 $a9910717012203321 996 $aDelamination behavior of quasi-isotropic graphite epoxy laminates subjected to tension and torsion loads$93442864 997 $aUNINA